000 00634nam a2200229Ia 4500
003 OSt
005 20220926023347.0
006 a|||||r|||| 00| 0
007 ta
008 220923b |||||||| |||| 00| 0 eng d
020 _a007013270
037 _cGeneral Book
040 _aRTL
_cRTL
_beng
041 _2eng
_aeng
082 _aY35:4.73.N7, L3/TD
100 _aCox KR
_9328997
245 0 _aConflict, power and politics in the city
_b A geographic view
260 _aNew
_b#NAME?
_c1973
300 _axiii,133p.
_ccm.
942 _hY35:4.73.N7, L3/TD
_cGB
_2CC
999 _c641466
_d641466